Statistics for Nobel Laureates by Country

Click here to take the quiz!

General Stats

  • This quiz has been taken 32 times
  • The average score is 27 of 29

Answer Stats

Number of Nobel laureatesAnswer% Correct
9China
100%
5Finland
100%
71France
100%
112Germany
100%
29Japan
100%
13Norway
100%
18Poland
100%
32Russia / Soviet Union
100%
33Sweden
100%
137United Kingdom
100%
400United States
100%
12Australia
96%
11Belgium
96%
28Canada
96%
12India
96%
21Italy
96%
22Netherlands
96%
8Spain
96%
5Argentina
92%
23Austria
92%
14Denmark
92%
13Hungary
92%
5Romania
92%
11South Africa
92%
27Switzerland
92%
6Czech Republic
75%
11Ireland
71%
13Israel
67%
6Ukraine
67%

Score Distribution

Percentile by Number Answered

Percent of People with Each Score

Your Score History

You have not taken this quiz